000 00616cam a2200181 4500500
005 20260405003027.0
041 _afre
042 _adc
100 1 0 _aEnjalbert, Cédric
_eauthor
245 0 0 _aLa critique de Jean-Pierre Dupuy : “Si la catastrophe est certaine, Pourquoi agir ?”
260 _c2020.
500 _a17
690 _aCollapsologie
690 _aEnvironnement
690 _aJean-Pierre Dupuy
786 0 _nPhilosophie magazine | 136 | 2 | 2020-02-01 | p. 27-27 | 1951-1787
856 4 1 _uhttps://shs.cairn.info/magazine-philosophie-magazine-2020-2-page-27?lang=fr&redirect-ssocas=7080
999 _c2063672
_d2063672